La Globalización, la crisis financiera y América Latina /
La globalización y la crisis financiera colocan a América Latina en una encrucijada finisecular: la subordinación pasiva a acontecimientos fuera de control o la búsqueda de la gobernabilidad económica para impulsar el desarrollo sostenible y el bienestar. En realidad, sostiene el autor, las restricc...
Sparad:
| Huvudupphovsman: | |
|---|---|
| Materialtyp: | Text |
| Ämnen: | |
| Taggar: |
Lägg till en tagg
Inga taggar, Lägg till första taggen!
|
MARC
| LEADER | 00000 a a2200000 04500 | ||
|---|---|---|---|
| 001 | 3474 | ||
| 003 | |||
| 040 | |||
| 100 | |a Ferrer, Aldo | ||
| 245 | |a La Globalización, la crisis financiera y América Latina / |c Aldo Ferrer | ||
| 520 | |a La globalización y la crisis financiera colocan a América Latina en una encrucijada finisecular: la subordinación pasiva a acontecimientos fuera de control o la búsqueda de la gobernabilidad económica para impulsar el desarrollo sostenible y el bienestar. En realidad, sostiene el autor, las restricciones más severas para el cambio de rumbo histórico no están fuera sino dentro de la región. REV//jmml | ||
| 650 | |a LIBERALIZACION DEL INTERCAMBIO | ||
| 650 | |a CRISIS | ||
| 650 | |a GOBERNABILIDAD | ||
| 650 | |a DESARROLLO SUSTENTABLE | ||
| 650 | |a BIENESTAR SOCIAL | ||
| 650 | |a POLITICA | ||
| 773 | |g volumen 49, número 6; páginas 527-536 | ||
| 999 | |c 28163 |d 28163 | ||
